| 000 | 01136nam a2200229Ii 4500 | ||
|---|---|---|---|
| 003 | JO-AjNU | ||
| 008 | 230605s9999||||xx |||||||||||||| ||und|| | ||
| 017 | _a2007/4/1160 | ||
| 020 | _a978-9957-32-337-0 | ||
| 040 |
_aJO-AjNU _bara _erda _cJO-AjNU |
||
| 041 | _aara | ||
| 050 | 1 | 4 | _aHF 5625. B3484 2008 |
| 100 | 3 |
_aبليبلة،تغريد مفيد كامل, _eauthor _928117 |
|
| 245 | 0 | 0 | _aتطبيقات الحاسوب في المحاسبة: انظمة الفا المحاسبية: نظام المحاسبة العامة، نظام متابعة العملاء، نظام النقد والصندوق، نظام متابعة الشيكات، نظام الاصول الثابتة |
| 250 | _aط1 | ||
| 264 | 3 | 1 | _aعمان:دار الحامد للنشر والتوزيع؛2008 |
| 300 |
_a520ص _bيحتوي الكتاب على نسخة من نظام (Demo CD) بالتعاون مع مركز العامة لتطوير البرمجيات- عمان |
||
| 336 |
_atext _btxt _2rdacontent |
||
| 337 |
_aunmediated _bn _2rdamedia |
||
| 338 |
_avolume _bnc _2rdacarrier |
||
| 650 | 4 |
_aالمحاسة المالية- الحواسيب _928118 |
|
| 999 |
_aA10865 _c14433 _d14433 |
||